Werder Bremen Frauen Kader 24/25 - Statistiken

Allgemein
  • Dieses Quiz wurde 42 mal gespielt
  • Das Durchschnittsergebnis liegt bei 11 aus 28
Antwortstatistiken
Trikotnummer Position Spielerin % Korrekt
1 Tor Livia Peng
92%
7 Angriff Larissa Mühlhaus
80%
9 Angriff Sophie Weidauer
76%
20 Mittelfeld Amani Mahmoud
72%
10 Angriff Tuana Mahmoud
72%
18 Mittelfeld Lina Hausicke
68%
77 Tor Catalina Pérez
48%
23 Abwehr Hanna Németh
44%
11 Angriff Maja Sternad
44%
8 Mittelfeld Amira Arfaoui
40%
28 Mittelfeld Juliane Wirtz
40%
24 Abwehr Lara Schmidt
36%
19 Mittelfeld Saskia Matheis
36%
31 Angriff Verena Wieder
36%
4 Abwehr Kaylie Ronan
32%
6 Mittelfeld Reena Wichmann
32%
22 Mittelfeld Rieke Dieckmann
28%
27 Mittelfeld Sharon Beck
28%
17 Mittelfeld Amira Dahl
24%
37 Mittelfeld Lena Dahms
24%
14 Abwehr Michaela Brandenburg
24%
13 Mittelfeld Ricarda Walkling
24%
26 Tor Sofija Nesterova
24%
25 Tor Johanna Wende
20%
21 Abwehr Caroline Siems
16%
39 Abwehr Jette Behrens
16%
29 Mittelfeld Melina Kunkel
12%
16 Angriff Emöke Pápai
8%
Keine übereinstimmenden Quizze gefunden
Verteilung der Resultate
Anzahl Personen mit jedem Resultat
Perzentil nach korrekt beantworteten Fragen
Ihre Resultats-Entwicklung
Sie haben dieses Quiz noch nicht gespielt